5HLuxD.jpg

KING HENRY VIII SENIOR AND PRIMARY SCHOOL LIBRARY OPAC

An introduction to English poetry / (Record no. 394)

000 -LEADER
fixed length control field 01586nam a2200493 a 4500
001 - CONTROL NUMBER
control field 015572570
003 - CONTROL NUMBER IDENTIFIER
control field UkOxU
005 - DATE AND TIME OF LATEST TRANSACTION
control field 20190809091858.0
008 - FIXED-LENGTH DATA ELEMENTS--GENERAL INFORMATION
fixed length control field 030905r20032002enk 001 0 eng d
015 ## - NATIONAL BIBLIOGRAPHY NUMBER
National bibliography number GB A3-Y4185
020 ## - INTERNATIONAL STANDARD BOOK NUMBER
International Standard Book Number 0141004398
020 ## - INTERNATIONAL STANDARD BOOK NUMBER
International Standard Book Number 9780141004396
035 ## - SYSTEM CONTROL NUMBER
System control number BNB2734.632
040 ## - CATALOGING SOURCE
Original cataloging agency BDS
Transcribing agency KH8
082 0# - DEWEY DECIMAL CLASSIFICATION NUMBER
Classification number 821.009 FEN
Edition number 21
100 1# - MAIN ENTRY--PERSONAL NAME
Personal name Fenton, James,
Dates associated with a name 1949-
Relator term author
245 13 - TITLE STATEMENT
Title An introduction to English poetry /
Statement of responsibility, etc. James Fenton.
260 ## - PUBLICATION, DISTRIBUTION, ETC.
Place of publication, distribution, etc. London :
Name of publisher, distributor, etc. Penguin,
Date of publication, distribution, etc. 2003.
300 ## - PHYSICAL DESCRIPTION
Extent 137 p. ;
Dimensions 20 cm.
500 ## - GENERAL NOTE
General note Originally published: London : Viking, 2002.
500 ## - GENERAL NOTE
General note Includes index.
650 #0 - SUBJECT ADDED ENTRY--TOPICAL TERM
Topical term or geographic name entry element English poetry
General subdivision History and criticism.
942 ## - ADDED ENTRY ELEMENTS (KOHA)
Source of classification or shelving scheme
Koha item type Books - Non Ficton
Holdings
Withdrawn status Lost status Source of classification or shelving scheme Damaged status Not for loan Collection code Permanent Location Current Location Shelving location Date acquired Total Checkouts Full call number Barcode Date last seen Date last checked out Price effective from Koha item type
          Non-Fiction KH8 Senior School Library KH8 Senior School Library Non Fiction 2019-08-09 1 821.009 FEN 3KHSL000100176 2023-07-04 2023-06-22 2019-08-09 Books - Non Ficton

Powered By KH8 IT Dept